Statistics for Capitals nearest Honolulu that are Washington DC or Closer

Click here to take the quiz!

General Stats

  • This quiz has been taken 561 times
    (552 since last reset)
  • The average score is 17 of 25

Answer Stats

kmcapitalmiles% Correct
6206Tokyo3856
93%
6096Mexico City3788
82%
7316Seoul4546
81%
7515Wellington4670
80%
5098Suva3168
73%
7118Guatemala City4423
72%
7391Pyongyang4593
72%
4200Apia2610
70%
6915Port Moresby4297
69%
7284San Salvador4526
69%
7750Ottawa4815
66%
7477Tegucigalpa4646
66%
7644Managua4749
64%
7781Washington4835
64%
7216Belmopan4484
64%
5089Nuku'alofa3162
61%
5744Honiara3569
59%
5702Port Vila3543
59%
4161Funafuti2586
59%
3860Tarawa2399
57%
4991Palikir3101
57%
4537Yaren2819
57%
3666Majuro2278
53%
7390Ngerulmud4592
52%
7691Havana4779
52%

Score Distribution

Percentile by Number Answered

Percent of People with Each Score

Your Score History

You have not taken this quiz since the last reset